UM Logo

Can a digital workbook informed by pedagogical principles improve coaching behavior? / (Record no. 22450)

MARC details
000 -LEADER
fixed length control field 00901nam a22002177a 4500
003 - CONTROL NUMBER IDENTIFIER
control field OSt
005 - DATE AND TIME OF LATEST TRANSACTION
control field 20250821062518.0
008 - FIXED-LENGTH DATA ELEMENTS--GENERAL INFORMATION
fixed length control field 241010b |||||||| |||| 00| 0 eng d
040 ## - CATALOGING SOURCE
Transcribing agency 0
082 ## - DEWEY DECIMAL CLASSIFICATION NUMBER
Classification number DPer 613.705 J826 January-December 2020 v. 91 n. 1-9
100 ## - MAIN ENTRY--PERSONAL NAME
Personal name Ahmed, Md. Dilsad.
Relator term author.
9 (RLIN) 62728
245 ## - TITLE STATEMENT
Title Can a digital workbook informed by pedagogical principles improve coaching behavior? /
Statement of responsibility, etc. Md. Dilsad Ahmed and Bradley J. Cardinal.
260 ## - PUBLICATION, DISTRIBUTION, ETC. (IMPRINT)
Place of publication, distribution, etc. Virginia ;
Name of publisher, distributor, etc. American Alliance for Health ,
Date of publication, distribution, etc. August 2020.
300 ## - PHYSICAL DESCRIPTION
Extent Volume 91, pages 55-56 :
Dimensions 28 cm.
500 ## - GENERAL NOTE
General note The Journal of Physical Education Recreation & Dance, vol. 91, no. 6, pages 55-56, August 2020.
650 #0 - SUBJECT ADDED ENTRY--TOPICAL TERM
Topical term or geographic name as entry element Pedagogical content knowledge.
9 (RLIN) 64866
650 #0 - SUBJECT ADDED ENTRY--TOPICAL TERM
Topical term or geographic name as entry element Physical education.
9 (RLIN) 50439
700 ## - ADDED ENTRY--PERSONAL NAME
Personal name Ahmed, Md. Dilsad.
Relator term author.
9 (RLIN) 62728
700 ## - ADDED ENTRY--PERSONAL NAME
Personal name Cardinal, Bradley J.
Relator term author.
9 (RLIN) 62446
942 ## - ADDED ENTRY ELEMENTS (KOHA)
Source of classification or shelving scheme Dewey Decimal Classification
Koha item type Periodicals
Holdings
Withdrawn status Lost status Source of classification or shelving scheme Damaged status Not for loan Collection code Home library Current library Date acquired Total Checkouts Full call number Date last seen Price effective from Koha item type Public note
    Dewey Decimal Classification     Periodicals UM Digos College - LIC UM Digos College - LIC 10/10/2024   DPer 613.705 J826 January-December 2020 v. 91 n. 1-9 10/10/2024 10/10/2024 Periodicals Periodical Article